Normal view
MARC view
- Bilal Arif Muhammad Umer Khan Azhar Ali Khan Anees Ur Rehman
Entry Personal Name
001 - CONTROL NUMBER
- control field: 122880
003 - CONTROL NUMBER IDENTIFIER
- control field: NUST
005 - DATE AND TIME OF LATEST TRANSACTION
- control field: 20240522184142.0
008 - FIXED-LENGTH DATA ELEMENTS
- fixed length control field: 240522|| aca||aabn | a|a d
040 ## - CATALOGING SOURCE
- Original cataloging agency: NUST
- Transcribing agency: NUST
100 ## - HEADING--PERSONAL NAME
- Personal name: Bilal Arif Muhammad Umer Khan Azhar Ali Khan Anees Ur Rehman
670 ## - SOURCE DATA FOUND
- Source citation: Work cat.: (NUST): Bilal Arif Muhammad Umer Khan Azhar Ali Khan Anees Ur Rehman, PR-SOF-2332-Unmanned Aerial Vehicle (UAV) Light Show System, 2023.
